00632nam a22001817a 4500008004100000020001800041040005500059245005700114260003900171300001500210500001600225650001700241653001300258700002200271942001200293999001700305952012800322230807b |||||||| |||| 00| 0 eng d a0-12-003002-0 aNational Science LibrarycNational Science Library aAdvances in aquatic microbiology c/ Academic Press  aNew York: bAcademic Press, c1980 aix, 355p.  aVol. 2 1980 aMicrobiology aScience  aDroop, M R (Ed.)  2udccBK c57851d57851 00102udc40709108843aNSLbNSLcFF/Rk-2/C-11/R-6d1981-12-05hVol. 2 1980l0p80222r2023-08-07 00:00:00w1981-12-05yBK